000 01148nam a2200265 i 4500
001 bg
100 1 _aKARMOWSKI, Wojciech
245 1 0 _aWspomagana teorią interpretacja wyników eksperymentów mechaniki ciał odkształcalnych /
_cWojciech Karmowski ; Politechnika Krakowska im. Tadeusza Kościuszki.
260 _aKraków :
_bPK,
_c1999.
300 _a183 s. :
_brys., wykr. ;
_c24 cm.
490 1 _aMonografia / Politechnika Krakowska im. Tadeusza Kościuszki. Podstawowe Nauki Techniczne
500 _aISSN i nr serii gł.: 0860-097X ; 251. - Streszcz. ang., ros.
504 _aBibliogr. s. 160-176.
650 9 _aAnaliza numeryczna
_xstosowanie
_xmechanika
650 9 _aFizyka
_xpomiary
_xbłędy
650 9 _aNaprężenia i odkształcenia
_xdoświadczalnictwo
650 9 _aNaprężenia i odkształcenia
_xteoria
710 0 _aPolitechnika Krakowska im. Tadeusza Kościuszki
830 0 _aMonografia (Politechnika Krakowska im. Tadeusza Kościuszki. Podstawowe Nauki Techniczne)
040 _cBPK
041 0 _apl
_benru
080 _a621.01:53.08:539.3/.4:519.61/.64
942 _cKS
008 s pl f |000 0 pol
999 _c37663
_d37663
856 _uhttp://koha.tu.koszalin.pl/cgi-bin/koha/opac-detail.pl?biblionumber=37663
_yKatalog online BPK